Vista normal Vista MARC

Entrada Corporate Name

Número de registros utilizados en: 2

001 - CONTROL NUMBER

  • control field: 52949

003 - CONTROL NUMBER IDENTIFIER

  • control field: OSt

005 - DATE AND TIME OF LATEST TRANSACTION

  • control field: 20241126095001.0

008 - FIXED-LENGTH DATA ELEMENTS

  • fixed length control field: 241126|| aca||aabn | a|a d

040 ## - CATALOGING SOURCE

  • Original cataloging agency: OSt
  • Transcribing agency: OSt

110 ## - HEADING--CORPORATE NAME

  • Corporate name or jurisdiction name as entry element: Instituto Colombiano Agropecuario. Subgerencia de Prevención y Control. División de Sanidad Vegetal. Unidad Proyectos de Prevención

670 ## - SOURCE DATA FOUND

  • Source citation: Work cat.: (OSt)48188: Instituto Colombiano Agropecuario. Subgerencia de Prevención y Control. División de Sanidad Vegetal. Unidad Proyectos de Prevención., Plagas y enfermedades del plátano









Instituto Departamental de Cultura del Meta - Red Departamental de Bibliotecas Públicas del Meta.